| 000 | 00863nam a22002417a 4500 | ||
|---|---|---|---|
| 999 |
_c19636 _d19636 |
||
| 003 | AR-CdUCM | ||
| 008 | 190518b ||||| |||| 00| 0 spa d | ||
| 020 | _a84-329-2107-6 | ||
| 040 |
_aMUNICIPALIDAD PROVINCIAL DEL CUSCO _cBIBLIOTECA MUNICIPAL DEL CUSCO |
||
| 082 |
_a690 / _bOR63 |
||
| 100 |
_aOrdoñez Badiola, José Luis _941089 |
||
| 245 | _aPlanificación de obras / | ||
| 260 |
_aBarcelona : _bCEAC, _c1979. |
||
| 300 |
_a183 paginas ; _bDiagramas, formulas, _c25 cm. |
||
| 440 |
_aBiblioteca CEAC de construcción _941090 |
||
| 505 | _aContenido : Terminología utilizada -- Nudo o suceso -- Concentración de actividades simples -- Trazado practico de la ruta critica ... | ||
| 650 |
_aCalculo _918765 |
||
| 650 |
_aObras _96865 |
||
| 650 |
_aTrazado _924286 |
||
| 650 |
_aPlanificación _96254 |
||
| 942 |
_2ddc _cLIBROS |
||
| 945 |
_awnts _d2019-05-18 |
||